000 01160naa a22003617a 4500
001 BR7907380
003 BR-BrBNA
005 20250716090243.0
007 ta
008 250630b bl.|||m| |||| 00| 0 por d
040 _aBR-BrBNA
_bpor
_cBiblioteca Nacional de Agricultura
041 _a(Pt)
072 _aA50; E15; F00
_b1122
_b1116
_b1120
_b1160
_b1105
_b1110
_b1060
_bG514
090 _aA50 BR7907380
110 1 _aEmpresa de Pesquisa Agropecuaria do Ceara, Fortaleza (Brasil)
245 1 _aProjeto fruteiras [mamao, goiaba, manga, maracuja, graviola, abacate, laranja, Ceara, Brasil]
500 _aPlano operativo 1979 Fortaleza, CE (Brasil): [nd]. p. 65-69 [Numerical data] (BR7907380-AMS)
650 _aPROJETO DE PESQUISA
650 _aPROJETO AGRICOLA
650 _aMAMAO
650 _aGOIABA
650 _aMANGA
650 _aMARACUJA
650 _aGRAVIOLA
650 _aABACATE
650 _aLARANJA
650 _aORCAMENTO
650 _aFINANCIAMENTO
650 _aCEARA
490 _aPrograma Operativo - Empresa de Pesquisa Agropecuaria do Ceara (Brazil)
942 _cAMS
_2AGRIS
909 _a202506
_bLúcia
_c55
_dLúcia Elande
999 _c333486
_d333486